| 000 | 00748nam a2200229 a 4500 | ||
|---|---|---|---|
| 001 | 15038 | ||
| 003 | CO-ViMGA | ||
| 008 | 141112s2004 ck r 000 u spa d | ||
| 020 | _a9707090019 | ||
| 040 |
_aCO-ViMGA _bspa _cCO-ViMGA |
||
| 082 | 0 | 4 | _a925.4 C789 |
| 100 | 1 |
_aCruz Gonzales, Irene; Nosnik, Abraham; Recillas, Elsa _921835 |
|
| 245 | 1 | 0 |
_aEl hombre de la torre inclinada : _bGalileo Galilei |
| 260 |
_aBogotá, _cColciencias, _cAlfaOmega, _c2002 |
||
| 300 | _a111.p. | ||
| 490 | _aViajeros del conocimiento | ||
| 590 |
_aForma de adquisición : Donación - - Precio : _10.000 |
||
| 650 | 1 | 4 |
_aASTRONOMOS - ITALIANOS _921836 |
| 650 | 1 | 4 |
_aGALILEI, GALILEO _921837 |
| 650 | 1 | 4 |
_aTELESCOPIO ASTRONOMIA - HISTORIA _921838 |
| 942 |
_2ddc _cBK |
||
| 999 |
_c10820 _d10820 |
||